banner-ar

نظرية الترميم / (Record no. 59775)

MARC details
000 -الفاتح
حقل البيانات ثابتة الطول 00546nam a22001697a 4500
005 - وقت وتاريخ اخر تعامل مع التسجيلة
رقم الضبط 20240530110335.0
008 - عناصر البيانات ثابتة الطول - معلومات عامة
حقل البيانات ثابتة الطول 140907s2009 ua o r 000 0 ara d
040 ## - مصدر الفهرسة
وكالة الفهرسة الأصلية EG-CaGPL
082 04 - رقم تصنيف ديوى العشرى
رقم الطبعة 21
رقم التصنيف 702.88
رقم المادة ب ن
100 1# - المدخل الرئيسى - إسم شخصى
الإسم الشخصى برنارد ، تشيزارى
245 10 - بيان العنوان
العنوان نظرية الترميم /
بيان المسئوليه,etc برنارد ، تشيزارى
260 ## - PUBLICATION, DISTRIBUTION, ETC. (IMPRINT)
تاريخ النشر أو التوزيع 2009
300 ## - الوصف المادى
التعداد 230 ص ؛
أبعاد الوعاء 24 سم
650 07 - المدخل الاضافى بالموضوع-مصطلح موضوعى
مصطلح موضوعي الاثار
التقسيم الفرعي العام ترميم
700 00 - المدخل الاضافى - اسم شخصى
الإسم الشخصى زاهى حواس
الدور مقدم
942 ## - عناصر المدخل الإضافي( كوها)
مصدر التصنيف او مخطط الترفيف Dewey Decimal Classification
Koha [default] item type كتاب
260 ## - PUBLICATION, DISTRIBUTION, ETC. (IMPRINT)
-- القاهرة :
-- المجلس الاعلى للاثار ،
Holdings
حالة التراجع حالة الفقد حالة تلف ليس للاعارة المكان المؤقت الموقع الحالى تاريخ الاكتساب اجمالي اﻻعارات رقم الطلب الباركود تاريخ اخر مشاهدة تاريخ تفعيل السعر نوع وعاء كوها
        مكتبة القاهرة الكبرى مكتبة القاهرة الكبرى 09/07/2014   702.88 ب ن 158697 09/07/2014 09/07/2014 كتاب

Powered By

EGPV